000 00292nam a22001337a 4500
008 170503b xxu||||| |||| 00| 0 eng d
020 _a073551318X
041 _aeng
080 _23RD
_a343.9
100 _a14
101 _aSHJ
245 _aCRIMINAL PROCEDURE
_cBLOOM, R.M
942 _2udc
_cBK
999 _c12594
_d12594